| 000 | 00588cam a2200169 4500 | ||
|---|---|---|---|
| 001 | WB3533-39 | ||
| 008 | 000000n1999 000 0 eng u | ||
| 035 | _a(Sirsi) u102626 | ||
| 245 | _aMilk groups to set prices. | ||
| 260 | _c1999 | ||
| 490 |
_aFinancial Times _v25 August 1999, 8(1) |
||
| 520 | _aMilk Marque and Britainαs dairy companies have entered into negotiations to set the price of milk from October. Analysts predict farmers will get 17.5p per litre, down 1p since the last round. | ||
| 650 | _aDAIRY FARMS | ||
| 650 | _aMILK | ||
| 690 | _aRURAL PRACTICE | ||
| 942 | _n0 | ||
| 999 |
_c61622 _d61622 |
||